Alienación, comunicación y consumo: retos del socialismo del siglo XXI /
El concepto marxista de alineación se aproxima a este fenómeno desde su vinculación con las relaciones económicas de producción. En este artículo, el autor parte de ese concepto para explorar sus implicaciones comunicativas y ecológicas. Un socialismo que no caiga en el reduccionismo económico debe...
Gardado en:
| Autor Principal: | |
|---|---|
| Formato: | Texto |
| Materias: | |
| Etiquetas: |
Engadir etiqueta
Sen Etiquetas, Sexa o primeiro en etiquetar este rexistro!
|
MARC
| LEADER | 00000 a a2200000 04500 | ||
|---|---|---|---|
| 001 | 13300 | ||
| 003 | |||
| 040 | |||
| 100 | |a Capriles, Elías | ||
| 245 | |a Alienación, comunicación y consumo: |b retos del socialismo del siglo XXI / |c Elías Capriles | ||
| 520 | |a El concepto marxista de alineación se aproxima a este fenómeno desde su vinculación con las relaciones económicas de producción. En este artículo, el autor parte de ese concepto para explorar sus implicaciones comunicativas y ecológicas. Un socialismo que no caiga en el reduccionismo económico debe considerar estos factores para ser una verdadera alternativa a la alineación capitalista | ||
| 650 | |a MARXISMO | ||
| 650 | |a ALIENACION | ||
| 650 | |a COMUNICACION | ||
| 650 | |a CONSUMO | ||
| 650 | |a CAPITALISMO | ||
| 773 | |g número 117; páginas 411-440 | ||
| 999 | |c 28930 |d 28930 | ||
